00778cam a2200217Ia 4500020001800000020001500018040000800033082002600041245008800067260007500155300006400230490003600294500004600330650002300376650002300399650001900422650001400441700002400455700002100479710006000500 a9789251058756 a925105875X cCUS a338 FOO 2007 A078 Or.00aReview of the state of world marine capture fisheries management :bPacific Ocean / aRome :bFood and Agriculture Organization of the United Nations,c2007 aviii, 170 p. :bcol. ill. ;c30 cm. +e1 CD-ROM (4 3/4 in.)1 aFAO fisheries technical paper ; aContributors: Max Ag©ơero ... [et al.] 0aFishery management 0aFishery management 0aFishery policy 0aFisheries1 aDe Young, Cassandra1 aAg©ơero, Max,2 aFood and Agriculture Organization of the United Nations